<?xml version="1.0" encoding="UTF-8"?>
<record
    xmlns:xsi="http://www.w3.org/2001/XMLSchema-instance"
    xsi:schemaLocation="http://www.loc.gov/MARC21/slim http://www.loc.gov/standards/marcxml/schema/MARC21slim.xsd"
    xmlns="http://www.loc.gov/MARC21/slim">

  <leader>00937nas a2200217   4500</leader>
  <controlfield tag="001">000037301</controlfield>
  <controlfield tag="003">DLC</controlfield>
  <controlfield tag="005">20240830114457.0</controlfield>
  <controlfield tag="008">100111c20119999dr fr1p dd    0    0eng d</controlfield>
  <datafield tag="040" ind1=" " ind2=" ">
    <subfield code="a">DO-SdBNP</subfield>
    <subfield code="b">spa</subfield>
    <subfield code="c">BNPHU</subfield>
  </datafield>
  <datafield tag="043" ind1=" " ind2=" ">
    <subfield code="a">nwdr</subfield>
  </datafield>
  <datafield tag="130" ind1="1" ind2=" ">
    <subfield code="a">Revista de administraci&#xF3;n p&#xFA;blica (Rep&#xFA;blica Dominicana )</subfield>
    <subfield code="9">63751</subfield>
  </datafield>
  <datafield tag="222" ind1=" " ind2="0">
    <subfield code="a">Revista de administraci&#xF3;n p&#xFA;blica</subfield>
    <subfield code="b">(Rep&#xFA;blica Dominicana )</subfield>
  </datafield>
  <datafield tag="245" ind1="0" ind2="0">
    <subfield code="a">Revista de administraci&#xF3;n p&#xFA;blica.</subfield>
  </datafield>
  <datafield tag="260" ind1=" " ind2=" ">
    <subfield code="a">Santo Domingo :</subfield>
    <subfield code="b">Ministerio de Administraci&#xF3;n P&#xFA;blica,</subfield>
    <subfield code="c">2011.</subfield>
  </datafield>
  <datafield tag="300" ind1=" " ind2=" ">
    <subfield code="a">v. ;</subfield>
    <subfield code="c">23 cm.</subfield>
  </datafield>
  <datafield tag="310" ind1=" " ind2=" ">
    <subfield code="a">Semestral</subfield>
  </datafield>
  <datafield tag="362" ind1="1" ind2=" ">
    <subfield code="a">a&#xF1;o, 5. no. 5 2011</subfield>
  </datafield>
  <datafield tag="500" ind1=" " ind2=" ">
    <subfield code="a">La Oficina Nacional de Administraci&#xF3;n y Personal (ONAP) ha cambiado de nombre a Secretar&#xED;a de Estado de Administraci&#xF3;n P&#xFA;blica (SEAP) A partir de la aprobaci&#xF3;n en el 2010 de la reforma de la Constituci&#xF3;n todas las Secretar&#xED;as pasaron a ser Ministerios, ahora es (MAP)</subfield>
  </datafield>
  <datafield tag="942" ind1=" " ind2=" ">
    <subfield code="2">ddc</subfield>
    <subfield code="c">ISSUE</subfield>
  </datafield>
  <datafield tag="999" ind1=" " ind2=" ">
    <subfield code="c">36791</subfield>
    <subfield code="d">36791</subfield>
  </datafield>
</record>
